| Поле | Инд. | ПП | Название | Значение |
|---|---|---|---|---|
| Тип записи | a | |||
| Библиографический уровень | m | |||
| 001 | Контрольный номер | b686ab81-b793-48a2-9497-135883fd32e2 | ||
| 005 | Дата корректировки | 20140703140931.6 | ||
| 008 | Кодируемые данные | 051118 | ||
| 020 | a | ISBN | 5-06-004171-9 | |
| c | Цена, тираж | 215.49 | ||
| 040 | a | Служба первич. каталог. | НБ ТвГУ | |
| 041 | a | Код языка текста | rus | |
| 080 | a | Индекс УДК | 355.58(075.8) | |
| 084 | a | Индекс другой классификации/Индекс ББК | Ц69я73-1 | |
| 090 | x | Авторский знак | Б40 | |
| a | Полочн. индекс | Ц69 | ||
| 245 | 10 | a | Заглавие | Безопасность жизнедеятельности |
| b | Продолж. заглавия | учеб. для студентов вузов | ||
| c | Ответственность | под общ. ред. С. В. Белова | ||
| 250 | a | Основные сведения об издании | Изд. 5-е, испр. и доп | |
| 260 | 0_ | a | Место издания | Москва |
| b | Издательство | Высшая школа | ||
| c | Дата издания | 2005 | ||
| 300 | a | Объем | 605, [1] с. | |
| b | Иллюстрации/ тип воспроизводства | ил. | ||
| 500 | a | Примечание | Авт. указаны на обороте тит. л. | |
| 504 | a | Библиография | Библиогр.: с. 602-603. | |
| 583 | a | Действие | Получение впервые 342 17.11.2005 | |
| k | Исполнитель действия | ООО "Юристъ- Гардарика" | ||
| 650 | a | Основная рубрика | Безопасность жизнедеятельности | |
| x | Основная подрубрика | Учебники для вузов | ||
| 650 | a | Основная рубрика | Чрезвычайные ситуации | |
| 653 | a | Ключевые слова | Безопасность жизнедеятельности | |
| a | Ключевые слова | Техносфера | ||
| a | Ключевые слова | Опасности техносферы | ||
| a | Ключевые слова | Охрана труда | ||
| a | Ключевые слова | Производственная безопасность | ||
| a | Ключевые слова | Экологическая безопасность | ||
| a | Ключевые слова | Чрезвычайные ситуации | ||
| a | Ключевые слова | Средства индивидуальной защиты | ||
| a | Ключевые слова | Управление безопасностью жизнедеятельности | ||
| 700 | 1_ | a | Другие авторы | Белов Сергей Викторович |
| e | Роль лиц | авт., ред. | ||
| 700 | 1_ | a | Другие авторы | Девисилов Владимир Аркадьевич |
| e | Роль лиц | авт. | ||
| 700 | 1_ | a | Другие авторы | Ильницкая Александра Васильевна |
| e | Роль лиц | авт. | ||
| 700 | 1_ | a | Другие авторы | Козьяков Анатолий Федорович |
| e | Роль лиц | авт. | ||
| 700 | 1_ | a | Другие авторы | Морозова Людмила Львовна |
| e | Роль лиц | авт. | ||
| 852 | t | Порядковый номер экземпляра | 24 | |
| p | Инвентарный номер | 825062 | ||
| p | Инвентарный номер | 825063 | ||
| p | Инвентарный номер | 825065 | ||
| p | Инвентарный номер | 825066 | ||
| p | Инвентарный номер | 825067 | ||
| p | Инвентарный номер | 825068 | ||
| p | Инвентарный номер | 825069 | ||
| p | Инвентарный номер | 825070 | ||
| p | Инвентарный номер | 825071 | ||
| p | Инвентарный номер | 825072 | ||
| p | Инвентарный номер | 825073 | ||
| p | Инвентарный номер | 825074 | ||
| p | Инвентарный номер | 825075 | ||
| p | Инвентарный номер | 825076 | ||
| p | Инвентарный номер | 825077 | ||
| p | Инвентарный номер | 825078 | ||
| p | Инвентарный номер | 825079 | ||
| p | Инвентарный номер | 825080 | ||
| p | Инвентарный номер | 825081 | ||
| p | Инвентарный номер | 825082 | ||
| p | Инвентарный номер | 825083 | ||
| p | Инвентарный номер | 825084 | ||
| p | Инвентарный номер | 825085 | ||
| p | Инвентарный номер | 825086 | ||
| 863 | t | 00107040 | ||
| 863 | t | 00107039 | ||
| 863 | t | 00107038 | ||
| 863 | t | 00107037 | ||
| 863 | t | 00107036 | ||
| 863 | t | 00107035 | ||
| 863 | t | 00107034 | ||
| 863 | t | 00107033 | ||
| 863 | t | 00107032 | ||
| 863 | t | 00107031 | ||
| 863 | t | 00107030 | ||
| 863 | t | 00107029 | ||
| 863 | t | 00107028 | ||
| 863 | t | 00107027 | ||
| 863 | t | 00107026 | ||
| 863 | t | 00107025 | ||
| 863 | t | 00107024 | ||
| 863 | t | 00107023 | ||
| 863 | t | 00107022 | ||
| 863 | t | 00107021 | ||
| 863 | t | 00107020 | ||
| 863 | t | 00107019 | ||
| 863 | t | 00107018 | ||
| 863 | t | 00107017 | ||
| 863 | t | 00107016 | ||
| 888 | a | За счет средств университета | ||
| 930 | a | Новая/Ретро | учебники | |
| 952 | p | 342.2005 215.49 1 825062 | ||
| p | 342.2005 215.49 1 825063 | |||
| p | 342.2005 215.49 1 825064 | |||
| p | 342.2005 215.49 1 825065 | |||
| p | 342.2005 215.49 1 825066 | |||
| p | 342.2005 215.49 1 825067 | |||
| p | 342.2005 215.49 1 825068 | |||
| p | 342.2005 215.49 1 825069 | |||
| p | 342.2005 215.49 1 825070 | |||
| p | 342.2005 215.49 1 825071 | |||
| p | 342.2005 215.49 1 825072 | |||
| p | 342.2005 215.49 1 825073 | |||
| p | 342.2005 215.49 1 825074 | |||
| p | 342.2005 215.49 1 825075 | |||
| p | 342.2005 215.49 1 825076 | |||
| p | 342.2005 215.49 1 825077 | |||
| p | 342.2005 215.49 1 825078 | |||
| p | 342.2005 215.49 1 825079 | |||
| p | 342.2005 215.49 1 825080 | |||
| p | 342.2005 215.49 1 825081 | |||
| p | 342.2005 215.49 1 825082 | |||
| p | 342.2005 215.49 1 825083 | |||
| p | 342.2005 215.49 1 825084 | |||
| p | 342.2005 215.49 1 825085 | |||
| p | 342.2005 215.49 1 825086 | |||
| c | Вид литературы | К ру | ||
| 954 | a | Дата поступления на обработку | 20051123 | |
| 999 | a | Подразделение 2 | Фил1 |